000 01753cam a2200493 a 4500
001 21706
003 VRT
005 20260309100100.0
008 240226s2003 xo a br 000 f slo
015 _aSNBA2003/12-04947
020 _a805510686X
_q(viazané)
035 _aSNK000420315
035 _aurn:nbn:sk:snk-am3ix74
035 _a1E4D0A6C-7C59-4B0F-B6B7-6C9AD0A5E7FD
035 _aurn:nbn:sk:snk-am00g45q
039 9 _a202501160924
_bAUTHORITY
_c202409100734
_dAUTHORITY
_c202409100732
_dAUTHORITY
_c202409100720
_dAUTHORITY
040 _aSNK
_bslo
_cSNK
_eAACR2
041 0 _aslo
044 _axo
_cSK
072 7 _a821.162.4-3
_xSlovenská próza
_2konspekt
072 7 _a821-93
_xLiteratúra pre deti a mládež (beletria)
_2konspekt
080 _a821.162.4-93
_21997
080 _a821.162.4-3(0.053.2)
_21997
080 _a821.162.4-34
_22011
080 _a82-34:808.1
_22011
080 _a82-93-053.4/.5
_22011
100 1 _aBalco, Július,
_d1948-2021
_4aut
245 1 0 _aStrigôňove Vianoce
_cJúlius Balco ; [ilustrovala Oľga Bajusová-Šintajová]
250 _a1. vyd.
260 _aBratislava
_bIkar
_c2003
300 _a91 strán
_bfarebné ilustrácie
_c24 cm
500 _aFarebná ilustrácia na frontispice
655 7 _aslovenské rozprávky
_2SNKPH
655 7 _aliteratúra pre deti
_2SNKPH
655 7 _aautorské rozprávky
_2SNKPH
700 1 _aBajusová, Oľga,
_d1954-2012
_4ill
910 _asnk
942 _2ddc
_cKLDE
_n0
949 _617A0405610
_asnkSC 113966
_bsnkKSP 15618/2003
_s6100:20210716
949 _617A0405609
_asnkSC 113966 D1
_bsnkKSP 15619/2003
949 _6273K0128379
_asvkpoB 72210
_bsvkpo463914
949 _62889369107
_asavukPV 6668
949 _6270001000229243
_asvkbbB 35484
_p652.642
999 _c21706
_d21706